Statistiques concernant Que s'est-il passé un 5 mars?

Cliquez ici pour prendre le quiz!

Statistiques générales

  • Ce quiz a été pris 39 fois
  • Le résultat moyen est 9 sur 16

Statistiques - réponses

AnnéeIndiceRéponse% Correct
1953Mort de ce dirigeant sovétiqueJoseph Staline
100%
1946Ce premier ministre anglais prononce le Discours de Fulton et invente le terme "rideau de fer"Winston Churchill
95%
1974À l'ouest de ce canal Israël retire ses troupesCanal de Suez
86%
1979Voyager 1 survole cette planèteJupiter
81%
1933Le parti de cette figure politique gagne les électionsAdolf Hitler
76%
1836Ce fabriquant d'arme brevette la production de son premier revolverSamuel Colt
70%
2015Cette organisation criminelle décide de détruire la ville ancienne de NimroudÉtat Islamique
65%
1684L'Empire germanique, la Pologne et cette cité italienne forment la Sainte Ligue contre les ottomansVenise
59%
1616Cette théorie de Copernic est condamnéeHéliocentrisme
57%
1989Début d'émeutes contre les chinois dans cette région de ChineTibet
49%
1770Dans cette ville américaine un massacre a lieuBoston
46%
1940Le Politburo (Premier conseil soviétique) décide de massacrer des citoyens de ce pays considérés comme hostile au communismePologne
46%
1824Le Royaume-Uni déclare la guerre à ce pays d'Asie du Sud-EstBirmanie
41%
1960Le photographe Korda prend le cliché célèbre de ce général argentinChe Guevara
41%
1998Mort d'Adem Jashari et début de cette guerre dans les BalkansGuerre du Kosovo
30%
1797Dans cette dépendance de la France on fête l'Arrivée de l'ÉvangileTahiti
5%

Distribution des résultats

Percentile par nombre de réponses

% des personnes avec chaque résultat

Votre développement - résultats

Vous n’avez pas pris ce quiz